000
00461nam a2200169Ia 4500
008
090711s9999 xx 000 0 und d
082
_b
55279
100
_a
सूर्यकांत
245
_a
धाकटी पाती
260
_c
1986
300
_a
484
600
_a
सूर्यकांत
630
_a
धाकटी पाती
700
_a
सूर्यकांत
730
_a
धाकटी पाती
942
_c
BOOK
999
_c
332386
_d
332386